| 000 | 00920nam a2200217 a 4500 | ||
|---|---|---|---|
| 001 | 000006690 | ||
| 005 | 20240402134028.0 | ||
| 008 | 090902s2005 dr r 000 0 spa d | ||
| 040 |
_aDO-SdBNP _bspa _cBNPHU |
||
| 082 |
_a341.4810268 _bR789c |
||
| 100 | 1 |
_aRosario, Juan Manuel _98602 |
|
| 245 | 1 | 0 |
_aCorte interamericana de derechos humanos y la República Dominicana / _cJuan Manuel Rosario; prólogo Trajano Vidal Potentini Adames. |
| 260 |
_aSanto Domingo : _bLibrería Jurídica Virtual ; Ediciones Jurídicas Trajano Potentini, _c2005. |
||
| 300 |
_a369 p. ; _c23 cm. |
||
| 500 | _aIncluye referencias bibliográficas y notas al pie de las páginas | ||
| 590 | _aInventariado, 2018/BT | ||
| 610 | 2 | 0 |
_aCORTE INTERAMERICANA DE DERECHOS HUMANOS _918638 |
| 650 | 4 |
_aDerechos humanos _zRepública Dominicana _912374 |
|
| 700 | 1 | 2 |
_aPotentini Adames, Trajano Vidal _973577 |
| 910 | _aValidado. Control de calidad. MFF | ||
| 999 |
_c6479 _d6479 |
||